|
|
|
|
| LEADER |
006310000a22001930004500 |
| 020 |
|
|
|a 0-19-963495-5
|
| 082 |
|
|
|a 574.8 GRA
|
| 100 |
|
|
|a Graham, J M
|9 133813
|
| 100 |
|
|
|a Rickwood, D
|f Ed
|9 133814
|
| 245 |
|
|
|a Subcellular fractionation: a practical approach
|
| 260 |
|
|
|a Oxford, Oxford University Press
|
| 260 |
|
|
|c 1997
|
| 650 |
|
|
|a Cytology
|9 133815
|
| 650 |
|
|
|a Electron microscopy
|9 133816
|
| 650 |
|
|
|a Ribosomes
|9 15677
|
| 650 |
|
|
|a Subcellular fractions
|9 133817
|
| 942 |
|
|
|c BK
|
| 999 |
|
|
|c 176660
|d 176656
|
| 952 |
|
|
|0 0
|1 0
|4 0
|6 574_800000000000000_GRA
|7 0
|9 175079
|a SES
|b SES
|d 2019-05-16
|l 0
|o 574.8 GRA
|p SES01006
|r 2019-05-16
|w 2019-05-16
|y BK
|